000 01000cam a2200277 4500
001 329864
003 mut
005 20240606081117.0
008 710618s1971 nyu 000 0 eng
010 _a 75152578
020 _a0155952765 (v. 1) varies
040 _aDLC
_cDLC
_dDLC
050 0 0 _aPN6014
_b.V65 1971
082 0 0 _a808.8
100 1 _aVon Staden, Heinrich,
_d1939-
_ecomp.
245 1 0 _aWestern literature;
260 _aNew York,
_bHarcourt Brace Jovanovich
_c[1971]
300 _a3 v.
_c22 cm.
505 0 _av. 1. The ancient world, edited by H. von Staden.--v. 2. The Middle Ages, Renaissance, Enlightenment, edited by R. Hollander.--v. 3. The modern world, edited by P. Brooks.
650 0 _aLiterature
_xCollections.
700 1 _aHollander, Robert,
_d1933-
_ecomp.
700 1 _aBrooks, Peter,
_d1938-
700 1 _aGiamatti, A. Bartlett,
_eed.
906 _a7
_bcbc
_corignew
_d2
_encip
_f19
_gy-gencatlg
942 _2lcc
_cBK
999 _c9453
_d9453